[Event "GER-chT Federal Cup (Women)"]
[Site "Braunfels"]
[Date "2024.05.30"]
[Round "1.7"]
[White "Kaulfuss, Christa"]
[Black "Bazzazi, Elnaz"]
[Result "1/2-1/2"]
[WhiteElo "1816"]
[BlackElo "1840"]
[PlyCount "59"]
[EventDate "2024.05.30"]
[EventType "team-swiss"]
[EventRounds "5"]
[EventCountry "GER"]
[SourceTitle "CB24_2024"]
[SourceDate "2024.06.12"]
[SourceVersion "1"]
[SourceVersionDate "2024.06.12"]
[SourceQuality "1"]
[WhiteTeam "Hessen (W) II"]
[BlackTeam "Berlin (W)"]
[WhiteTeamCountry "GER"]
[BlackTeamCountry "GER"]

1. e4 e5 2. Nc3 Bc5 3. g3 d6 4. Bg2 a6 5. Nge2 Nc6 6. h3 Be6 7. 0-0 Qd7 8. Kh2 Nge7 9. d3 f5 10. f4 0-0 11. a3 Rad8 12. Nd5 Nd4 13. c3 Nxe2 14. Qxe2 c6 15. Nxe7+ Qxe7 16. Be3 Bxe3 17. Qxe3 exf4 18. gxf4 Rde8 19. Rae1 fxe4 20. dxe4 Bc4 21. Rg1 Qh4 22. f5 Rxf5 23. Qd4 Rg5 24. Qxc4+ d5 25. Qd3 Qf4+ 26. Kh1 Rg3 27. Qf1 Qh4 28. Qf5 g6 29. Qd7 Re7 30. Rd1 1/2-1/2

[Event "GER-chT Federal Cup (Women)"]
[Site "Braunfels"]
[Date "2014.06.21"]
[Round "4.3"]
[White "Kaulfuss, Christa"]
[Black "Stangl, Anita"]
[Result "0-1"]
[WhiteElo "1700"]
[BlackElo "2039"]
[PlyCount "80"]
[EventDate "2014.06.19"]
[EventType "team-swiss"]
[EventRounds "5"]
[EventCountry "GER"]
[SourceTitle "EXT 2015"]
[Source "ChessBase"]
[SourceDate "2014.11.20"]
[SourceVersion "1"]
[SourceVersionDate "2014.11.20"]
[SourceQuality "1"]
[WhiteTeam "Rheinland Pfalz (W)"]
[BlackTeam "Bayern (W)"]
[WhiteTeamCountry "GER"]
[BlackTeamCountry "GER"]

1. e4 e6 2. d3 d5 3. Nd2 Nf6 4. Ngf3 dxe4 5. dxe4 Bc5 6. Be2 Bxf2+ 7. Kf1 Bb6 8. h3 Nc6 9. c3 0-0 10. g3 e5 11. Qc2 Qe7 12. Nc4 Be6 13. Nxb6 axb6 14. Be3 Bxa2 15. Kg2 Be6 16. g4 Nd7 17. b4 f6 18. Nh4 Qf7 19. Nf5 Rfd8 20. h4 Kh8 21. h5 Bb3 22. Qb2 Bc4 23. h6 g6 24. Ng7 Nf8 25. Rhf1 Rxa1 26. Rxa1 Bxe2 27. Qxe2 Ne6 28. Nxe6 Qxe6 29. Kg3 Ne7 30. Bf2 f5 31. g5 f4+ 32. Kh4 Rf8 33. Qf3 Nc8 34. Ra8 Re8 35. Qd3 Nd6 36. Rxe8+ Nxe8 37. Qd8 Kg8 38. Qb8 Qc6 39. Qd8 Kf7 40. c4 Qd6 0-1

[Event "GER-chT Federal Cup (Women)"]
[Site "Braunfels"]
[Date "2014.06.20"]
[Round "2.3"]
[White "Kaulfuss, Christa"]
[Black "Franzenburg, Maria"]
[Result "1/2-1/2"]
[WhiteElo "1700"]
[BlackElo "1812"]
[PlyCount "134"]
[EventDate "2014.06.19"]
[EventType "team-swiss"]
[EventRounds "5"]
[EventCountry "GER"]
[SourceTitle "EXT 2015"]
[Source "ChessBase"]
[SourceDate "2014.11.20"]
[SourceVersion "1"]
[SourceVersionDate "2014.11.20"]
[SourceQuality "1"]
[WhiteTeam "Rheinland Pfalz (W)"]
[BlackTeam "Schleswig Holstein (W)"]
[WhiteTeamCountry "GER"]
[BlackTeamCountry "GER"]

1. e4 e6 2. d3 d5 3. Nd2 c5 4. Ngf3 Nc6 5. g3 g6 6. Bg2 Bg7 7. 0-0 Nge7 8. Re1 0-0 9. e5 Qc7 10. Qe2 b6 11. c3 Ba6 12. Nf1 h6 13. h4 Bc8 14. Bf4 Nf5 15. N1h2 Qe7 16. Qd2 Kh7 17. Ng4 b5 18. Rad1 a5 19. Ne3 Nxe3 20. Qxe3 b4 21. d4 bxc3 22. bxc3 cxd4 23. Nxd4 Nxd4 24. cxd4 Ba6 25. Bf1 Rfc8 26. Bxa6 Rxa6 27. Rc1 Rac6 28. Rxc6 Rxc6 29. Rc1 Rxc1+ 30. Qxc1 Qb4 31. Be3 Bf8 32. Kg2 Qc4 33. Qb1 Bb4 34. h5 Qc3 35. hxg6+ fxg6 36. Qc1 Qxc1 37. Bxc1 Bc3 38. Be3 a4 39. g4 h5 40. Kh3 Bb4 41. Bg5 Be1 42. Be3 Bb4 43. Bg5 Ba5 44. Kh4 Bb6 45. Be3 hxg4 46. Kxg4 Kg7 47. Kg5 Bd8+ 48. Kg4 Kf7 49. f3 Ke8 50. Bg5 Ba5 51. Be3 Be1 52. Kg5 Kf7 53. Kg4 Bb4 54. Kg5 Kg7 55. Kg4 Kh7 56. Kg5 Be7+ 57. Kg4 Bf8 58. f4 Be7 59. Bd2 Kg7 60. Kf3 Kf7 61. Ke2 Ke8 62. Kd3 Kd7 63. Kc3 Kc6 64. Bc1 Kb5 65. Bb2 Bb4+ 66. Kd3 Be1 67. a3 Ba5 1/2-1/2

[Event "GER-chT Federal Cup (Women)"]
[Site "Braunfels"]
[Date "2013.06.01"]
[Round "4.1"]
[White "Benzen, Marthe"]
[Black "Kaulfuss, Christa"]
[Result "0-1"]
[WhiteElo "1923"]
[BlackElo "1861"]
[PlyCount "68"]
[EventDate "2013.05.30"]
[EventType "team-swiss"]
[EventRounds "5"]
[EventCountry "GER"]
[SourceTitle "EXT 2014"]
[Source "ChessBase"]
[SourceDate "2013.11.20"]
[SourceVersion "1"]
[SourceVersionDate "2013.11.20"]
[SourceQuality "1"]
[WhiteTeam "Schleswig Holstein (W)"]
[BlackTeam "Hessen (W) II"]
[WhiteTeamCountry "GER"]
[BlackTeamCountry "GER"]

1. e4 Nc6 2. d4 e5 3. Nf3 exd4 4. Nxd4 Qf6 5. Be3 Bc5 6. c3 d6 7. Be2 a6 8. 0-0 Bd7 9. f4 Qe7 10. Bf3 Nf6 11. Re1 0-0-0 12. Nd2 h5 13. b4 Bxd4 14. Bxd4 Nxd4 15. cxd4 Bg4 16. a4 Qd7 17. Qb1 Bxf3 18. Nxf3 Qg4 19. Qc1 h4 20. h3 Qd7 21. d5 Rde8 22. Qb1 Nh5 23. f5 Ng3 24. b5 a5 25. b6 Kb8 26. Nd4 c6 27. dxc6 bxc6 28. Nb3 Re5 29. Qd3 Rhe8 30. Rad1 Kb7 31. Qd4 Qe7 32. Qxd6 Qxd6 33. Rxd6 Kxb6 34. Rc1 Ne2+ 0-1

[Event "GER-chT Federal Cup (Women)"]
[Site "Braunfels"]
[Date "2013.05.31"]
[Round "3.1"]
[White "Zimmer, Elke"]
[Black "Kaulfuss, Christa"]
[Result "1-0"]
[WhiteElo "1926"]
[BlackElo "1861"]
[PlyCount "65"]
[EventDate "2013.05.30"]
[EventType "team-swiss"]
[EventRounds "5"]
[EventCountry "GER"]
[SourceTitle "EXT 2014"]
[Source "ChessBase"]
[SourceDate "2013.11.20"]
[SourceVersion "1"]
[SourceVersionDate "2013.11.20"]
[SourceQuality "1"]
[WhiteTeam "Saarland (W)"]
[BlackTeam "Hessen (W) II"]
[WhiteTeamCountry "GER"]
[BlackTeamCountry "GER"]

1. e4 Nc6 2. d4 e5 3. c3 d5 4. dxe5 dxe4 5. Qxd8+ Nxd8 6. Bf4 Bf5 7. Ne2 Ne6 8. Bg3 h6 9. Nd2 0-0-0 10. 0-0-0 g5 11. h3 Bg7 12. Nb3 Ne7 13. Ned4 Nf4 14. Bxf4 gxf4 15. Bc4 Bg6 16. e6 f5 17. Ne2 Be5 18. Nc5 Bd6 19. Nd7 Nc6 20. Nd4 Nxd4 21. Rxd4 Be8 22. Nf6 Bc6 23. Nd5 Bxd5 24. Rxd5 Rhf8 25. Rhd1 Be7 26. Rd7 Rfe8 27. Kc2 c6 28. a4 Bh4 29. a5 a6 30. g3 fxg3 31. fxg3 Bxg3 32. Rxd8+ Rxd8 33. e7 1-0

[Event "Hessen-ch Gr-C 64th"]
[Site "Bad Vilbel"]
[Date "2010.04.03"]
[Round "6"]
[White "Herms, Thorsten"]
[Black "Kaulfuss, Christa"]
[Result "1/2-1/2"]
[WhiteElo "1746"]
[BlackElo "1933"]
[PlyCount "64"]
[EventDate "2010.03.31"]
[EventType "swiss"]
[EventRounds "7"]
[EventCountry "GER"]
[SourceTitle "EXT 2011"]
[Source "ChessBase"]
[SourceDate "2010.11.26"]
[SourceVersion "1"]
[SourceVersionDate "2010.11.26"]
[SourceQuality "1"]

1. d4 Nc6 2. Nf3 d6 3. e4 Nf6 4. Nbd2 a6 5. c3 e5 6. a3 Be7 7. d5 Nb8 8. c4 Nbd7 9. b4 0-0 10. Be2 a5 11. bxa5 Rxa5 12. Nb3 Ra8 13. Qc2 b6 14. 0-0 Re8 15. Bb2 Nf8 16. a4 Ng6 17. Nfd2 Nf4 18. Bf3 Nd7 19. a5 Nc5 20. axb6 Rxa1 21. Rxa1 cxb6 22. Nxc5 bxc5 23. Ra8 Qb6 24. Bc3 Bd7 25. Ba5 Qb7 26. Rxe8+ Bxe8 27. Qb1 Qa6 28. Qb6 Qxb6 29. Bxb6 Ba4 30. Bg4 h5 31. Bc8 Ne2+ 32. Kf1 Nd4 1/2-1/2

[Event "GER-chT Federal Cup (Women)"]
[Site "Braunfels"]
[Date "2009.06.07"]
[Round "5"]
[White "Kube, Hannelore"]
[Black "Kaulfuss, Christa"]
[Result "1/2-1/2"]
[WhiteElo "2013"]
[BlackElo "1924"]
[PlyCount "54"]
[EventDate "2009.06.04"]
[EventType "team-swiss"]
[EventRounds "5"]
[EventCountry "GER"]
[SourceTitle "CBM 130 Extra"]
[Source "ChessBase"]
[SourceDate "2009.07.02"]
[SourceVersion "2"]
[SourceVersionDate "2009.07.15"]
[SourceQuality "1"]

1. c4 Nc6 2. Nc3 e5 3. g3 g6 4. Bg2 Bg7 5. d3 f5 6. Nf3 Nf6 7. Bg5 h6 8. Bd2 d6 9. Nh4 Ne7 10. Nd5 Nfxd5 11. Bxd5 g5 12. Ng2 c6 13. e4 cxd5 14. Qh5+ Kf8 15. cxd5 Bd7 16. 0-0-0 Rc8+ 17. Kb1 Be8 18. Qe2 Qd7 19. h4 f4 20. hxg5 hxg5 21. Bc3 Ng6 22. gxf4 Nxf4 23. Nxf4 exf4 24. Rxh8+ Bxh8 25. Bxh8 Qh3 26. Bc3 Bh5 27. Qf1 Qf3 1/2-1/2

[Event "GER-chT Federal Cup (Women)"]
[Site "Germany"]
[Date "2007.??.??"]
[Round "3"]
[White "Kaulfuss, Christa"]
[Black "Voss, Janine"]
[Result "1-0"]
[WhiteElo "1960"]
[BlackElo "1660"]
[PlyCount "121"]
[EventDate "2007.06.??"]
[EventType "team-swiss"]
[EventRounds "5"]
[EventCountry "GER"]
[SourceTitle "EXT 2008"]
[Source "ChessBase"]
[SourceDate "2007.11.25"]
[SourceVersion "1"]
[SourceVersionDate "2007.11.25"]
[SourceQuality "1"]
[WhiteTeam "Hessen"]
[BlackTeam "Rheinland Pfalz"]
[WhiteTeamCountry "GER"]
[BlackTeamCountry "GER"]

1. e4 c5 2. Nc3 d6 3. g3 Nc6 4. Bg2 g6 5. f4 Bg7 6. Nf3 e5 7. d3 Nge7 8. 0-0 0-0 9. Ne2 d5 10. c3 Be6 11. Ng5 Qc7 12. Nxe6 fxe6 13. Qc2 Rac8 14. Bd2 Qd7 15. Rad1 b5 16. b3 Rfd8 17. Be1 d4 18. c4 bxc4 19. bxc4 Rb8 20. Bd2 Rb7 21. Rb1 Rdb8 22. Bh3 Nb4 23. Bxb4 Rxb4 24. Rxb4 Rxb4 25. Rb1 Kf7 26. Rxb4 cxb4 27. Nc1 Qd6 28. c5 Qc6 29. Qc4 exf4 30. gxf4 Bh6 31. Ne2 Qa4 32. Qxe6+ Ke8 33. Qb3 Qxb3 34. axb3 Nc6 35. Kf2 a5 36. Be6 Bg7 37. Kf3 Ke7 38. Bd5 Kd7 39. e5 Bf8 40. Ke4 Bxc5 41. Bxc6+ Kxc6 42. Nxd4+ Kd7 43. Kd5 Be7 44. Kc4 g5 45. fxg5 Bxg5 46. h3 Be3 47. Nf5 Bb6 48. d4 Ke6 49. Ng3 Bd8 50. Ne4 h5 51. Nc5+ Kf5 52. Kd5 Kf4 53. Ke6 Kg3 54. Kd7 Bg5 55. Ne4+ Kh4 56. Nxg5 Kxg5 57. e6 Kh4 58. e7 Kxh3 59. e8Q h4 60. Qa8 Kg3 61. Qxa5 1-0

[Event "GER-chT Federal Cup (Women)"]
[Site "Germany"]
[Date "2007.??.??"]
[Round "5"]
[White "Solberg, Kirsten"]
[Black "Kaulfuss, Christa"]
[Result "1/2-1/2"]
[WhiteElo "2025"]
[BlackElo "1960"]
[PlyCount "104"]
[EventDate "2007.06.??"]
[EventType "team-swiss"]
[EventRounds "5"]
[EventCountry "GER"]
[SourceTitle "EXT 2008"]
[Source "ChessBase"]
[SourceDate "2007.11.25"]
[SourceVersion "1"]
[SourceVersionDate "2007.11.25"]
[SourceQuality "1"]
[WhiteTeam "NRW"]
[BlackTeam "Hessen"]
[WhiteTeamCountry "GER"]
[BlackTeamCountry "GER"]

1. e4 Nc6 2. d4 e5 3. d5 Nce7 4. Bg5 Nf6 5. Nc3 Ng6 6. Nf3 h6 7. Bd2 Bb4 8. Bd3 d6 9. h3 Bd7 10. g3 a6 11. Ng1 Qe7 12. Qe2 0-0 13. 0-0-0 Rfc8 14. h4 h5 15. Nh3 c5 16. dxc6 Rxc6 17. Nd5 Bxd2+ 18. Rxd2 Nxd5 19. exd5 Rc5 20. Qxh5 Bxh3 21. Rxh3 e4 22. Be2 e3 23. fxe3 Qxe3 24. Qf3 Re8 25. Qxe3 Rxe3 26. b4 Rc7 27. Bf1 Rcc3 28. h5 Nf4 29. gxf4 Rxh3 30. Bxh3 Rxh3 31. Kb2 Rxh5 32. c4 Kf8 33. c5 Ke7 34. Kc3 Kd7 35. Kd4 Rh4 36. Ke3 Rh3+ 37. Ke4 Rc3 38. Kd4 Rf3 39. Ke4 Rc3 40. Rb2 Rc4+ 41. Ke3 Rc3+ 42. Kd4 Rf3 43. Ke4 Rc3 44. Rb3 Rc4+ 45. Ke3 f5 46. b5 axb5 47. Rxb5 dxc5 48. Rxb7+ Kd6 49. Rxg7 Kxd5 50. Rd7+ Ke6 51. Rd3 Re4+ 52. Kf3 Ra4 1/2-1/2

[Event "Hennebont Grand Prix"]
[Site "Hennebont"]
[Date "2006.08.06"]
[Round "7"]
[White "Olier, Anthony"]
[Black "Kaulfuss, Christa"]
[Result "1-0"]
[WhiteElo "1750"]
[BlackElo "1963"]
[PlyCount "44"]
[EventDate "2006.08.05"]
[EventType "swiss"]
[EventRounds "7"]
[EventCountry "FRA"]
[SourceTitle "EXT 2007"]
[Source "ChessBase"]
[SourceDate "2006.11.23"]
[SourceVersion "1"]
[SourceVersionDate "2006.11.23"]
[SourceQuality "1"]

1. e4 Nf6 2. Nc3 d6 3. d4 g6 4. Bc4 Bg7 5. Be3 0-0 6. f3 a6 7. Qd2 b5 8. Bb3 Re8 9. Bh6 Bh8 10. g4 Nc6 11. h4 e5 12. h5 exd4 13. hxg6 hxg6 14. Nd5 Nxg4 15. Qf4 Nxh6 16. Rxh6 Bg7 17. Rxg6 Ne5 18. Nf6+ Kf8 19. Nh7+ Kg8 20. Nf6+ Kf8 21. Rxg7 Kxg7 22. Qg5+ Kf8 1-0

[Event "GER-chT Federal Cup (Women)"]
[Site "Braunfels"]
[Date "2006.05.05"]
[Round "3"]
[White "Kaulfuss, Christa"]
[Black "Fischer, Anke"]
[Result "1/2-1/2"]
[WhiteElo "1981"]
[BlackElo "1826"]
[PlyCount "55"]
[EventDate "2006.05.04"]
[EventType "team-swiss"]
[EventRounds "5"]
[EventCountry "GER"]
[SourceTitle "EXT 2010"]
[Source "ChessBase"]
[SourceDate "2010.11.25"]
[SourceVersion "1"]
[SourceVersionDate "2010.11.25"]
[SourceQuality "1"]

1. e4 c5 2. Nc3 e6 3. g3 Nc6 4. f4 d5 5. e5 g6 6. Nf3 Bg7 7. Bg2 Nge7 8. d3 a6 9. Ne2 Qc7 10. c3 b6 11. Be3 Bb7 12. Qd2 0-0-0 13. 0-0 h5 14. h3 Kb8 15. Bf2 Nc8 16. Rfc1 Bh6 17. Qe1 Qe7 18. h4 f6 19. d4 fxe5 20. dxe5 Qd7 21. Rd1 N6e7 22. b4 c4 23. Ned4 Nf5 24. a4 Rde8 25. Bf1 Qf7 26. Bg2 Qd7 27. Bf1 Qf7 28. Bg2 1/2-1/2

[Event "BL2 Gr1 0304 (Women)"]
[Site "Germany"]
[Date "2003.11.30"]
[Round "4.5"]
[White "Maedje, Christina"]
[Black "Kaulfuss, Christa"]
[Result "1-0"]
[WhiteElo "1866"]
[BlackElo "1971"]
[PlyCount "71"]
[EventDate "2003.10.25"]
[EventType "team-tourn"]
[EventRounds "7"]
[EventCountry "GER"]
[SourceTitle "EXT 2006"]
[Source "ChessBase"]
[SourceDate "2005.11.24"]
[SourceVersion "1"]
[SourceVersionDate "2005.11.24"]
[SourceQuality "1"]
[WhiteTeam "Krefeld (W)"]
[BlackTeam "Hofheim (W)"]
[WhiteTeamCountry "GER"]
[BlackTeamCountry "GER"]

1. d4 Nf6 2. Nf3 g6 3. c4 Bg7 4. Nc3 d6 5. e4 0-0 6. Be2 Nbd7 7. 0-0 c5 8. d5 Ng4 9. Bg5 h6 10. Bh4 a6 11. Nd2 Ngf6 12. f4 Qc7 13. Nf3 e5 14. fxe5 dxe5 15. d6 Qb6 16. Qd2 Re8 17. Rad1 Re6 18. Bxf6 Nxf6 19. Nd5 Nxd5 20. Qxd5 Bd7 21. Qd3 Rd8 22. Nh4 Bf8 23. Qf3 Be8 24. d7 Qc7 25. dxe8Q Rdxe8 26. Qg3 Bg7 27. Rd5 Qa5 28. Qb3 Rb6 29. Qd3 Rxb2 30. Rd7 Rf8 31. Nxg6 fxg6 32. Rxf8+ Bxf8 33. Qd5+ Kh8 34. Qxe5+ Kg8 35. Qe6+ Kh8 36. Qf6+ 1-0

[Event "Plancoet op 2nd"]
[Site "Plancoet"]
[Date "2002.07.29"]
[Round "3.14"]
[White "Kaulfuss, Christa"]
[Black "Chaillot, Alain"]
[Result "1/2-1/2"]
[WhiteElo "2060"]
[BlackElo "2189"]
[PlyCount "77"]
[EventDate "2002.07.23"]
[EventType "swiss"]
[EventRounds "9"]
[EventCountry "FRA"]
[SourceTitle "EXT 2003"]
[Source "ChessBase"]
[SourceDate "2002.11.25"]
[SourceVersion "1"]
[SourceVersionDate "2002.11.25"]
[SourceQuality "1"]

1. e4 Nc6 2. Nc3 Nf6 3. g3 d5 4. Bg2 Bg4 5. f3 Bh5 6. g4 Bg6 7. d3 d4 8. Nce2 e5 9. Ng3 h5 10. g5 h4 11. gxf6 hxg3 12. fxg7 Bxg7 13. hxg3 Rxh1 14. Bxh1 Qe7 15. Bd2 a5 16. a3 Qf8 17. Qe2 b5 18. f4 exf4 19. e5 Qc5 20. gxf4 Ra6 21. Qg4 Ne7 22. Ne2 Re6 23. Bxa5 Nf5 24. Qf3 c6 25. Bb4 Qa7 26. Bd2 Bf8 27. Ng3 Nh4 28. Qg4 Be7 29. Ne4 Qc7 30. 0-0-0 Qa7 31. Nf6+ Bxf6 32. exf6 Nf5 33. Be4 Rxf6 34. Bxf5 Rxf5 35. Re1+ Kf8 36. Qh4 Kg7 37. Re7 Qb8 38. b3 c5 39. Kb2 1/2-1/2

[Event "Plancoet op 2nd"]
[Site "Plancoet"]
[Date "2002.07.27"]
[Round "1.17"]
[White "Kaulfuss, Christa"]
[Black "Bollard, Maxime"]
[Result "1-0"]
[WhiteElo "2060"]
[BlackElo "1550"]
[PlyCount "141"]
[EventDate "2002.07.23"]
[EventType "swiss"]
[EventRounds "9"]
[EventCountry "FRA"]
[SourceTitle "EXT 2003"]
[Source "ChessBase"]
[SourceDate "2002.11.25"]
[SourceVersion "1"]
[SourceVersionDate "2002.11.25"]
[SourceQuality "1"]

1. e4 e6 2. d3 d5 3. Nd2 c5 4. g3 Nc6 5. Bg2 Nge7 6. Ngf3 g6 7. 0-0 Bg7 8. Re1 d4 9. e5 h5 10. h4 0-0 11. Qe2 Nb4 12. Ne4 Nf5 13. a3 Na6 14. Bg5 Qc7 15. Nf6+ Kh8 16. Nh2 Bd7 17. g4 hxg4 18. Qxg4 Bh6 19. h5 Kg7 20. Qf4 Rh8 21. Nhg4 Rac8 22. Nxh6 Nxh6 23. hxg6 fxg6 24. Nxd7 Qxd7 25. Bf6+ Kh7 26. Bxh8 Rxh8 27. Re4 Nc7 28. Qg5 Kg8 29. Qxg6+ Qg7 30. Qxg7+ Kxg7 31. Rf4 Nd5 32. Bxd5 exd5 33. e6 Re8 34. Re1 Kg6 35. e7 Nf5 36. Re5 Nxe7 37. Rg4+ Kf6 38. f4 c4 39. Rg2 Rc8 40. Rh2 c3 41. b3 Rg8+ 42. Kf2 Ng6 43. Rh6 Kg7 44. Rxg6+ Kxg6 45. Rxd5 Rh8 46. Kg2 Rh4 47. Rxd4 Kf5 48. Rc4 Rxf4 49. Rxc3 Rg4+ 50. Kf2 Rh4 51. Ke3 Ke5 52. Rc7 Rh3+ 53. Kd2 Kd5 54. Rd7+ Kc5 55. Rxb7 Kd4 56. Rd7+ Kc5 57. Rxa7 Kd5 58. Rd7+ Kc5 59. a4 Rh2+ 60. Kc3 Rh6 61. b4+ Kc6 62. Rg7 Rh4 63. Rg6+ Kb7 64. a5 Rh5 65. Rb6+ Kc7 66. Kc4 Rg5 67. b5 Rh5 68. Rc6+ Kb8 69. a6 Rh7 70. b6 Rh4+ 71. d4 1-0

[Event "BL2 Sued 0102 (Women)"]
[Site "Germany"]
[Date "2002.01.20"]
[Round "5.6"]
[White "Kaulfuss, Christa"]
[Black "Gessner, Kathleen"]
[Result "1/2-1/2"]
[WhiteElo "1739"]
[BlackElo "1555"]
[PlyCount "69"]
[EventDate "2001.10.27"]
[EventType "team-tourn"]
[EventRounds "7"]
[EventCountry "GER"]
[SourceTitle "EXT 2003"]
[Source "ChessBase"]
[SourceDate "2002.11.25"]
[SourceVersion "1"]
[SourceVersionDate "2002.11.25"]
[SourceQuality "1"]
[WhiteTeam "Hofheim"]
[BlackTeam "Schott Mainz"]
[WhiteTeamCountry "GER"]
[BlackTeamCountry "GER"]

1. e4 e5 2. Nc3 Bc5 3. g3 Nc6 4. Bg2 d6 5. Nge2 Bg4 6. h3 Be6 7. 0-0 Qd7 8. Kh2 Nge7 9. d3 0-0-0 10. Na4 h5 11. Nxc5 dxc5 12. f4 f5 13. exf5 Bxf5 14. fxe5 Nxe5 15. Bg5 g6 16. Qd2 Rdf8 17. Qa5 N7c6 18. Qxc5 Ng4+ 19. hxg4 hxg4+ 20. Kg1 Qh7 21. Nf4 Bd7 22. Rae1 Rf5 23. Qc3 Rxg5 24. Kf2 Rf8 25. Rh1 Rh5 26. Be4 Qh6 27. Rxh5 gxh5 28. Rh1 h4 29. Qd2 h3 30. Qe3 Kb8 31. Rh2 Nd8 32. Ke2 Ne6 33. Nd5 Qxe3+ 34. Kxe3 Ng5 35. Nf4 1/2-1/2